Normal view
MARC view
- Bruce Wood Cock
Entry Personal Name
001 - CONTROL NUMBER
- control field: 28164
003 - CONTROL NUMBER IDENTIFIER
- control field: NUST
005 - DATE AND TIME OF LATEST TRANSACTION
- control field: 20200129103340.0
008 - FIXED-LENGTH DATA ELEMENTS
- fixed length control field: 200129|| aca||aabn | a|a d
040 ## - CATALOGING SOURCE
- Original cataloging agency: NUST
- Transcribing agency: NUST
100 ## - HEADING--PERSONAL NAME
- Personal name: Bruce Wood Cock
670 ## - SOURCE DATA FOUND
- Source citation: Work cat.: (NUST): Bruce Wood Cock, The Selected Poetry and Prose of Shelley , c2002
